[Event "Aegean op 47th"]
[White "Boulamatsis, Konstantinos I"]
[Black "Kollias, Ioannis K"]
[Site "Aghios Kirykos"]
[Round "6"]
[Result "1-0"]
[Date "2024.07.15"]
[WhiteElo "1964"]
[BlackElo "1897"]
[PlyCount "40"]
[EventDate "2024.07.11"]
[EventType "swiss"]
[EventRounds "9"]
[EventCountry "GRE"]
[SourceTitle "CBM 221 Extra"]
[Source "ChessBase"]
[SourceDate "2024.09.30"]
[SourceVersion "1"]
[SourceVersionDate "2024.09.30"]
[SourceQuality "1"]

1. e4 e5 2. Nf3 Nc6 3. d4 exd4 4. Nxd4 Nf6 5. Nxc6 bxc6 6. Nd2 Bc5 7. Nb3 Bb6 8. e5 Ne4 9. Qg4 d5 10. Qxg7 Qh4 11. Be2 Ke7 12. g3 Bxf2+ 13. Kd1 Bxg3 14. Rf1 Bf2 15. Nd2 Rd8 16. Nf3 Qg4 17. Bg5+ Nxg5 18. Qf6+ Ke8 19. Nxg5 Qd4+ 20. Bd3 Be6 1-0

[Event "GRE-ch U16"]
[White "Boulamatsis, Konstantinos I"]
[Black "Mylonakis, Ioannis"]
[Site "Peristeri"]
[Round "9"]
[Result "1/2-1/2"]
[Date "2024.06.28"]
[WhiteElo "1907"]
[BlackElo "1996"]
[PlyCount "87"]
[EventDate "2024.06.22"]
[EventType "swiss"]
[EventRounds "9"]
[EventCountry "GRE"]
[SourceTitle "EXT 2025"]
[Source "ChessBase"]
[SourceDate "2024.10.14"]
[SourceVersion "1"]
[SourceVersionDate "2024.10.14"]
[SourceQuality "1"]

1. e4 c6 2. d4 d5 3. exd5 cxd5 4. Bd3 Nc6 5. c3 Qc7 6. Ne2 Bg4 7. 0-0 e6 8. Qe1 Nf6 9. Bg5 h6 10. Bxf6 Bxe2 11. Qxe2 gxf6 12. Qh5 0-0-0 13. a4 Na5 14. b4 Nc4 15. Na3 Kb8 16. Nxc4 dxc4 17. Be4 f5 18. Bc2 Rg8 19. a5 Bd6 20. b5 Rg5 21. Qh3 Qe7 22. f4 Rg4 23. g3 h5 24. Bd1 Rg6 25. Qxh5 Qf6 26. Rf2 Rh8 27. Qf3 Qe7 28. a6 b6 29. Qb7+ Qxb7 30. axb7 Kxb7 31. Bf3+ Kb8 32. Ra6 f6 33. Rfa2 Rh7 34. Rxb6+ axb6 35. Ra8+ Kc7 36. Ra7+ Kc8 37. Rxh7 Bxf4 38. Kf1 Bd2 39. Rb7 Bxc3 40. Rxb6 Bxd4 41. Rxe6 Kd7 42. Rc6 c3 43. b6 Rg8 44. Ke2 1/2-1/2

[Event "GRE-ch U16"]
[White "Antonioudakis, Georgios"]
[Black "Boulamatsis, Konstantinos I"]
[Site "Peristeri"]
[Round "4"]
[Result "1/2-1/2"]
[Date "2024.06.24"]
[WhiteElo "1965"]
[BlackElo "1907"]
[PlyCount "100"]
[EventDate "2024.06.22"]
[EventType "swiss"]
[EventRounds "9"]
[EventCountry "GRE"]
[SourceTitle "EXT 2025"]
[Source "ChessBase"]
[SourceDate "2024.10.14"]
[SourceVersion "1"]
[SourceVersionDate "2024.10.14"]
[SourceQuality "1"]

1. e4 e6 2. d4 d5 3. Nc3 Be7 4. Nf3 Nf6 5. Bd3 c5 6. exd5 exd5 7. 0-0 c4 8. Be2 0-0 9. Re1 Nc6 10. h3 Ne4 11. Nxe4 dxe4 12. Nd2 Qxd4 13. c3 Qe5 14. Nxc4 Qe6 15. a4 f5 16. Ne3 Kh8 17. Bc4 Qe5 18. Qd5 Qf6 19. Nf1 Ne5 20. Bf4 Nxc4 21. Qxc4 Be6 22. Qc7 Bd5 23. Qe5 Rfd8 24. Ne3 Qxe5 25. Bxe5 Be6 26. Rad1 Kg8 27. Bc7 Rxd1 28. Rxd1 Rc8 29. Be5 Kf7 30. g3 Rc6 31. b4 g6 32. a5 Bf6 33. Bxf6 Kxf6 34. Rc1 Bc4 35. Nxc4 Rxc4 36. Kf1 g5 37. Ke2 f4 38. gxf4 gxf4 39. Kd2 Rc7 40. Ke2 Rd7 41. c4 Rd3 42. c5 Rb3 43. c6 Rb2+ 44. Ke1 bxc6 45. Rxc6+ Kg5 46. Rc5+ Kg6 47. b5 f3 48. a6 Rb1+ 49. Kd2 Rb2+ 50. Ke1 Rb1+ 1/2-1/2

[Event "GRE-chT 50th"]
[White "Boulamatsis, Konstantinos I"]
[Black "Patrelakis, Evaggelos"]
[Site "Nikaia"]
[Round "6.8"]
[Result "0-1"]
[Date "2023.08.29"]
[WhiteElo "1774"]
[BlackElo "2385"]
[PlyCount "162"]
[EventDate "2023.08.25"]
[EventType "team"]
[EventRounds "9"]
[EventCountry "GRE"]
[SourceTitle "CBM 216 Extra"]
[Source "ChessBase"]
[SourceDate "2023.11.30"]
[SourceVersion "1"]
[SourceVersionDate "2023.11.30"]
[SourceQuality "1"]
[WhiteTeam "Panionios"]
[BlackTeam "Kidon Khanion"]
[WhiteTeamCountry "GRE"]
[BlackTeamCountry "GRE"]

1. e4 g6 2. d4 Bg7 3. Nf3 c6 4. c3 d6 5. Bd3 Nf6 6. 0-0 0-0 7. h3 Qc7 8. Re1 e5 9. Be3 Re8 10. Nbd2 Nbd7 11. dxe5 dxe5 12. Qc2 b6 13. a4 Nh5 14. a5 Rb8 15. b4 Nf4 16. Bf1 Ne6 17. axb6 axb6 18. Ra3 Bf8 19. Rea1 Bb7 20. Ra7 Ra8 21. Nc4 b5 22. Rxa8 Rxa8 23. Rxa8 Bxa8 24. Ncd2 Bb7 25. Nb3 Nf6 26. Ng5 Nxg5 27. Bxg5 Ne8 28. Be3 Bc8 29. Nc5 Nd6 30. Qa2 Be7 31. Bd3 Kg7 32. Qa5 Qb8 33. Na6 Bxa6 34. Qxa6 Qc7 35. Bc5 Nc8 36. Be3 Qd7 37. Be2 h5 38. c4 bxc4 39. Qxc4 Nd6 40. Qd3 Qe6 41. Bc5 Nb5 42. Qc4 Qxc4 43. Bxc4 Bxc5 44. bxc5 Nc3 45. Ba6 Nxe4 46. Bb7 Nxc5 47. Bxc6 h4 48. f3 f5 49. Kf2 Nd3+ 50. Ke3 Nf4 51. Kf2 Nh5 52. Ke3 Kf6 53. Kf2 Ng3 54. Ke3 Nh5 55. Kf2 g5 56. Bd7 e4 57. Bc6 Ke5 58. fxe4 fxe4 59. Ke3 Ng3 60. Bb7 Nf5+ 61. Ke2 Kf4 62. Kf2 Ke5 63. Ke2 Kd4 64. Bc6 Ng3+ 65. Kd2 Nh5 66. Ke2 Nf4+ 67. Kf2 Kd3 68. Bb7 Ne6 69. Ke1 Ke3 70. Bc6 Nd4 71. Bb7 Nc2+ 72. Kf1 Kd3 73. Ba6+ Kd2 74. Bb5 Nd4 75. Ba6 e3 76. Bc4 Nf5 77. Ba6 Ng3+ 78. Kg1 e2 79. Bxe2 Kxe2 80. Kh2 Nf5 81. Kh1 Kf2 0-1

[Event "GRE-chT 50th"]
[White "Boulamatsis, Konstantinos I"]
[Black "Chalkias, Michail Panagiotis"]
[Site "Nikaia"]
[Round "4.9"]
[Result "1/2-1/2"]
[Date "2023.08.27"]
[WhiteElo "1774"]
[BlackElo "1600"]
[PlyCount "60"]
[EventDate "2023.08.25"]
[EventType "team"]
[EventRounds "9"]
[EventCountry "GRE"]
[SourceTitle "CBM 216 Extra"]
[Source "ChessBase"]
[SourceDate "2023.11.30"]
[SourceVersion "1"]
[SourceVersionDate "2023.11.30"]
[SourceQuality "1"]
[WhiteTeam "Panionios"]
[BlackTeam "Neapolis Sekeon"]
[WhiteTeamCountry "GRE"]
[BlackTeamCountry "GRE"]

1. e4 c5 2. Nf3 Nc6 3. d4 cxd4 4. Nxd4 Nf6 5. Nc3 e5 6. Ndb5 d6 7. Bg5 a6 8. Na3 b5 9. Nd5 Be7 10. Bxf6 Bxf6 11. c3 Rb8 12. Nc2 Bg5 13. a4 bxa4 14. Ncb4 Bd7 15. Nxc6 Bxc6 16. Nb4 Qd7 17. Bxa6 0-0 18. Nxc6 Qxc6 19. Qxa4 Qxa4 20. Rxa4 Rxb2 21. 0-0 Rfb8 22. c4 Bd2 23. Bb5 g6 24. Ra6 Bb4 25. f3 Bc5+ 26. Kh1 Kg7 27. h3 Kf6 28. Raa1 g5 29. Kh2 h6 30. Ra6 h5 1/2-1/2

[Event "GRE-ch U16"]
[White "Boulamatsis, Konstantinos I"]
[Black "Antonioudakis, Georgios"]
[Site "Peristeri"]
[Round "9"]
[Result "1/2-1/2"]
[Date "2023.07.09"]
[WhiteElo "1756"]
[BlackElo "2033"]
[PlyCount "136"]
[EventDate "2023.07.03"]
[EventType "swiss"]
[EventRounds "9"]
[EventCountry "GRE"]
[SourceTitle "EXT 2024"]
[Source "ChessBase"]
[SourceDate "2023.10.10"]
[SourceVersion "1"]
[SourceVersionDate "2023.10.10"]
[SourceQuality "1"]

1. e4 c5 2. c3 Nf6 3. e5 Nd5 4. Nf3 Nc6 5. d4 cxd4 6. Bc4 Nb6 7. Bb3 d6 8. exd6 e6 9. Nxd4 Nxd4 10. Qxd4 Qxd6 11. Be3 Bd7 12. Qxd6 Bxd6 13. 0-0 Bc6 14. Nd2 0-0 15. Nc4 Nxc4 16. Bxc4 h6 17. Rfd1 Rfd8 18. a4 Bc7 19. Bb5 Bd5 20. c4 Be4 21. f3 Bg6 22. Rxd8+ Bxd8 23. c5 a6 24. Be2 Bf6 25. Ra3 Rd8 26. Kf2 Bc2 27. b4 a5 28. b5 Rc8 29. Ra2 Bb3 30. Rd2 Kf8 31. c6 Bd5 32. cxb7 Bxb7 33. Rd7 Bd5 34. Ra7 Bd8 35. b6 Rb8 36. Bc5+ Kg8 37. Rxa5 Bxb6 38. Bxb6 Rxb6 39. Rb5 Rxb5 40. Bxb5 Kf8 41. Ke3 Ke7 42. Kd4 Kd6 43. Bc4 Bc6 44. a5 f6 45. Bd3 f5 46. g4 e5+ 47. Kc4 fxg4 48. fxg4 e4 49. Be2 Ke5 50. Kc5 Ba8 51. a6 Kf4 52. Kd4 e3 53. a7 g6 54. Bd1 Bb7 55. Be2 Ba8 56. Kc5 Ke4 57. Kc4 Kf4 58. Kd4 Bb7 59. Ba6 Ba8 60. Be2 Bb7 61. h4 Ba8 62. g5 hxg5 63. hxg5 Bb7 64. Bd1 Ba8 65. Kd3 Be4+ 66. Ke2 Bf3+ 67. Ke1 Ba8 68. Ke2 Ke5 1/2-1/2

[Event "GRE-ch U16"]
[White "Boulamatsis, Konstantinos I"]
[Black "Kamperidis, Charalampos"]
[Site "Peristeri"]
[Round "5"]
[Result "1/2-1/2"]
[Date "2023.07.06"]
[WhiteElo "1756"]
[BlackElo "1310"]
[PlyCount "96"]
[EventDate "2023.07.03"]
[EventType "swiss"]
[EventRounds "9"]
[EventCountry "GRE"]
[SourceTitle "EXT 2024"]
[Source "ChessBase"]
[SourceDate "2023.10.10"]
[SourceVersion "1"]
[SourceVersionDate "2023.10.10"]
[SourceQuality "1"]

1. d4 d5 2. Nf3 Nf6 3. e3 c5 4. b3 cxd4 5. exd4 Nc6 6. Bd3 Bg4 7. Bb2 e6 8. Nbd2 Bd6 9. 0-0 0-0 10. h3 Bh5 11. a3 e5 12. dxe5 Bxe5 13. Bxe5 Nxe5 14. Be2 Nc6 15. b4 Ne4 16. Nxe4 dxe4 17. Nd2 Bxe2 18. Qxe2 f5 19. Nb3 Qe7 20. Rad1 Rae8 21. Nc5 Ne5 22. Rd5 b6 23. Rxe5 Qxe5 24. Nd7 Qe7 25. Nxf8 Rxf8 26. c4 f4 27. Re1 Re8 28. c5 Qe6 29. Qg4 Qf6 30. Qd7 Re7 31. Qc8+ Qf8 32. Qxf8+ Kxf8 33. c6 Ke8 34. b5 Kd8 35. Rd1+ Kc7 36. Rd4 g5 37. Kf1 Kc8 38. Rd5 h6 39. Rd6 Re5 40. a4 a6 41. bxa6 Ra5 42. Rd4 Rxa6 43. Rc4 Kc7 44. Rxe4 Kxc6 45. Ke2 Kd5 46. Rb4 Kc5 47. Re4 Kd5 48. Rb4 Ke5 1/2-1/2

[Event "GRE-ch U16"]
[White "Boulamatsis, Konstantinos I"]
[Black "Kazakos, Nikolaos"]
[Site "Peristeri"]
[Round "2"]
[Result "0-1"]
[Date "2023.07.04"]
[WhiteElo "1756"]
[BlackElo "2017"]
[PlyCount "134"]
[EventDate "2023.07.03"]
[EventType "swiss"]
[EventRounds "9"]
[EventCountry "GRE"]
[SourceTitle "EXT 2024"]
[Source "ChessBase"]
[SourceDate "2023.10.10"]
[SourceVersion "1"]
[SourceVersionDate "2023.10.10"]
[SourceQuality "1"]

1. e4 e6 2. d4 d5 3. exd5 exd5 4. Nf3 Bd6 5. c4 Nf6 6. c5 Be7 7. Qa4+ c6 8. Bd3 b6 9. cxb6 Qxb6 10. 0-0 0-0 11. Qc2 Bg4 12. Nbd2 a5 13. Re1 Bd6 14. b3 Na6 15. a3 Rab8 16. Ne5 Qxd4 17. Bb2 Qc5 18. Nxc6 Rbc8 19. Qxc5 Nxc5 20. Bb5 Bd7 21. Ne7+ Bxe7 22. Bxd7 Ncxd7 23. Rxe7 Rc2 24. Bxf6 Nxf6 25. Nf3 Ne4 26. Rd1 Ra2 27. a4 Rb2 28. Ra7 Rc8 29. Rxa5 Nxf2 30. Rf1 Ng4 31. Nd4 Ne3 32. Re1 Rxg2+ 33. Kh1 Rb2 34. Nc6 Nf5 35. Rxd5 g6 36. Rxf5 Rxc6 37. Rf3 Rcc2 38. h3 Kg7 39. a5 Ra2 40. b4 Rcb2 41. Rf4 Rh2+ 42. Kg1 f5 43. Rf3 Rhb2 44. Rf4 Kf6 45. h4 h6 46. Rc4 h5 47. Kf1 Rf2+ 48. Kg1 f4 49. Rc6+ Kf7 50. Rc7+ Kf6 51. Rc6+ Kf5 52. Rc5+ Kg4 53. a6 Rg2+ 54. Kh1 Rh2+ 55. Kg1 Rag2+ 56. Kf1 Kxh4 57. Rc3 Ra2 58. Kg1 Rhb2 59. Rc6 g5 60. Rec1 f3 61. b5 Rg2+ 62. Kf1 Rh2 63. R6c2 Raxc2 64. Rxc2 Rxc2 65. a7 Kg3 66. Ke1 f2+ 67. Kd1 Ra2 0-1

[Event "GRE-ch U14 Attiki"]
[White "Boulamatsis, Konstantinos I"]
[Black "Roussos, Makarios"]
[Site "Peristeri"]
[Round "1"]
[Result "1-0"]
[Date "2022.06.24"]
[WhiteElo "1603"]
[BlackElo "1018"]
[PlyCount "77"]
[EventDate "2022.06.24"]
[EventType "swiss"]
[EventRounds "7"]
[EventCountry "GRE"]
[SourceTitle "EXT 2023"]
[Source "ChessBase"]
[SourceDate "2022.10.05"]
[SourceVersion "1"]
[SourceVersionDate "2022.10.05"]
[SourceQuality "1"]

1. e4 e5 2. Nf3 Nc6 3. d4 exd4 4. Nxd4 Bc5 5. Nb3 Bb6 6. Nc3 d6 7. Qe2 Nf6 8. Be3 Be6 9. 0-0-0 Qe7 10. f3 0-0 11. g4 Ne5 12. g5 Nfg4 13. Bxb6 axb6 14. f4 Nc4 15. Kb1 Nce3 16. Rd3 Bc4 17. h3 Bxd3 18. cxd3 Qd7 19. hxg4 Nxg4 20. Bh3 h5 21. gxh6 f5 22. h7+ Kh8 23. Bxg4 fxg4 24. f5 Qf7 25. Qxg4 b5 26. Nxb5 Rxa2 27. Kxa2 Ra8+ 28. Na3 b5 29. Qg6 Qxg6 30. fxg6 b4 31. d4 bxa3 32. bxa3 d5 33. e5 c5 34. Nd2 c4 35. Nf3 Rf8 36. Rf1 c3 37. Ng5 Rxf1 38. Nf7+ Rxf7 39. gxf7 1-0

[Event "GRE-ch U12"]
[White "Boulamatsis, Konstantinos I"]
[Black "Magalakis, Stefanos"]
[Site "Patras"]
[Round "3.2"]
[Result "0-1"]
[Date "2019.06.26"]
[WhiteElo "1229"]
[BlackElo "1672"]
[PlyCount "106"]
[EventDate "2019.06.25"]
[EventType "swiss"]
[EventRounds "9"]
[EventCountry "GRE"]
[SourceTitle "EXT 2020"]
[Source "ChessBase"]
[SourceDate "2019.10.17"]
[SourceVersion "1"]
[SourceVersionDate "2019.10.17"]
[SourceQuality "1"]
[WhiteTeam "Greece"]
[BlackTeam "Greece"]
[WhiteTeamCountry "GRE"]
[BlackTeamCountry "GRE"]

1. e4 c5 2. Nc3 Nc6 3. g3 g6 4. Bg2 Bg7 5. d3 d6 6. Nge2 Nf6 7. 0-0 0-0 8. h3 Rb8 9. f4 Bd7 10. g4 b5 11. Ng3 Nd4 12. f5 Bc6 13. g5 Nd7 14. Nce2 a5 15. Nf4 b4 16. h4 Qb6 17. h5 Ne5 18. Bh3 gxf5 19. Nxf5 Nxf5 20. Bxf5 e6 21. Bh3 c4+ 22. Kh2 cxd3 23. cxd3 Rbe8 24. g6 hxg6 25. hxg6 Nxg6 26. Rg1 Nxf4 27. Qg4 Ng6 28. Qg3 Be5 29. Bf4 Kg7 30. Bxe5+ dxe5 31. Qxe5+ Kg8 32. d4 Qb5 33. Qf6 Bxe4 34. Rae1 Qb8+ 35. Rg3 Bf5 36. Bxf5 exf5 37. Re5 Qc7 38. Rxf5 Re3 39. Rfg5 Rxg3 40. Rxg3 Re8 41. Kh3 Qc8+ 42. Kg2 Qa8+ 43. Kh2 Qe4 44. Rg2 Qe6 45. Qf3 Qd6+ 46. Kh3 Qxd4 47. Qh5 Re3+ 48. Kh2 Qf4+ 49. Kh1 Re1+ 50. Rg1 Rxg1+ 51. Kxg1 Qc1+ 52. Kf2 Qxb2+ 53. Ke3 Qe5+ 0-1